Chanteurs par lettre. O - Statistiques

Statistiques générales
  • Ce quiz a été pris 288 fois
  • Le résultat moyen est 5 sur 10
Statistiques - réponses
Chansons Chanteurs % Correct
Basique / La quête Orelsan
89%
Fan / Lucie Pascal Obispo
80%
Wonderwall / Live for ever Oasis
78%
Promesses / Dommage Oli
68%
Dragotsea din tei / Despre tine Ozone
65%
Another Love / Black Friday Tom Odell
52%
Best song ever / Story of my life One Direction
49%
Cabeza / TDB Oboy
35%
Katchi / You don't know me Offenbach
18%
The dock of the bay / These arms of mine Otis Redding
7%
Aucun quiz correspondant
Distribution des résultats
% des personnes avec chaque résultat
Percentile par nombre de réponses
Votre historique - résultats
Vous n’avez pas pris ce quiz